<Der> Anlageentscheidungsprozess.

Fázy rozhodovacieho procesu o investíciách: plánovanie, realizácia a kontrola. Investičné stratégie. Informácie o investíciách do cenných papierov. Informácie o trhu. Kontrola rozhodnutí o investíciách. Funkčnosť kapitálových trhov.

Guardado en:
Detalles Bibliográficos
Autor principal: Bauer, Ch
Formato: Capítulo de libro
Lenguaje:alemán
Materias:
Etiquetas: Agregar Etiqueta
Sin Etiquetas, Sea el primero en etiquetar este registro!

MARC

LEADER 00000naa a2200000 4500
001 r011311
005 20221130113424.5
041 0 |a ger 
044 |a DE 
245 1 0 |a <Der> Anlageentscheidungsprozess.  |c Ch. Bauer 
520 |a Fázy rozhodovacieho procesu o investíciách: plánovanie, realizácia a kontrola. Investičné stratégie. Informácie o investíciách do cenných papierov. Informácie o trhu. Kontrola rozhodnutí o investíciách. Funkčnosť kapitálových trhov. 
610 2 0 |a rozhodovanie 
610 2 0 |a investície 
610 2 0 |a plánovanie 
610 2 0 |a kontrola 
610 2 0 |a papiere cenné 
610 2 0 |a informácie 
610 2 0 |a trh 
610 2 0 |a trh kapitálový 
610 2 0 |a portfólio 
610 2 0 |a riziko 
100 1 |a Bauer, Ch.